Under sail in the frozen North
Saved in:
| 主要作者: | |
|---|---|
| 格式: | 图书 |
| 语言: | 英语 |
| 出版: |
Londres
Stanley Paul & Co.
1927
|
| 版: | 1a. ed |
| 主题: | |
| 标签: |
添加标签
没有标签, 成为第一个标记此记录!
|
MARC
| LEADER | 00000nam a2200000 a 4500 | ||
|---|---|---|---|
| 001 | UCJ3974 | ||
| 003 | CL-VaPUC | ||
| 008 | 070124e19270000UK |||||||||||||||||eng|d | ||
| 082 | 0 | 4 | |a 910.4 |b WOR |2 21 |
| 100 | 0 | |a Worsley, F. A. |e author |9 506695 | |
| 245 | 1 | 0 | |a Under sail in the frozen North |
| 250 | |a 1a. ed | ||
| 300 | |a 295 p | ||
| 942 | |c BK | ||
| 945 | |d 20070124 00:00:00 |a rinostro | ||
| 260 | |a Londres |b Stanley Paul & Co. |c 1927 | ||
| 500 | |a Fotografía del autor; track de la expedición y numerosas fotografías | ||
| 650 | 0 | |a Viajes |9 257115 | |
| 650 | 7 | |a FAUNA ARTICA |2 CL-VaPUC |9 505718 | |
| 650 | 7 | |a FLORA ARTICA |2 CL-VaPUC |9 506696 | |
| 650 | 0 | |a Magnetismo |9 260336 | |
| 650 | 0 | |a Iconografía |9 267998 | |
| 650 | 7 | |a HIDROGRAFIA |2 CL-VaPUC |9 261115 | |
| 650 | 0 | |a Geología |9 260984 | |
| 650 | 7 | |a GLACIOLOGIA |2 CL-VaPUC |9 330910 | |
| 651 | 7 | |a POLO NORTE |2 CL-VaPUC |9 310897 | |
| 583 | |a last modification |c 20070124 00:00:00 |k Rodrigo Vera | ||
| 999 | |c 320092 |d 320090 | ||
| 952 | |0 0 |1 0 |4 0 |6 910_400000000000000_WOR_1927 |7 0 |8 X |9 398553 |a FDOBUD |b FDOBUD |d 2019-11-22 |i 1011669 |o 910.4 WOR 1927 |p 1011669 |r 2019-11-22 |w 2019-11-22 |y BK_X |k BUD | ||